Faculty of Law Library — Cairo University

Official Online Catalog

International law in contemporary perspective / (Record no. 60505)

MARC details
000 -LEADER
fixed length control field 01103cam a2200313 i 4500
003 - CONTROL NUMBER IDENTIFIER
control field EG-GICUC
005 - DATE AND TIME OF LATEST TRANSACTION
control field 20260203122014.0
008 - FIXED-LENGTH DATA ELEMENTS--GENERAL INFORMATION
fixed length control field 050307s2004 nyub frb 001 0 eng d
020 ## - INTERNATIONAL STANDARD BOOK NUMBER
International Standard Book Number 1587786532
Qualifying information alk. paper
020 ## - INTERNATIONAL STANDARD BOOK NUMBER
International Standard Book Number 9781587786532
Qualifying information (alk. paper)
040 ## - CATALOGING SOURCE
Original cataloging agency DLC
Transcribing agency DLC
Modifying agency DLC
-- EG-GICUC
Language of cataloging eng
Description conventions rda
050 00 - LIBRARY OF CONGRESS CALL NUMBER
Classification number KZ1242.5
Item number .I58 2004
082 00 - DEWEY DECIMAL CLASSIFICATION NUMBER
Classification number 341
Edition number 21
092 04 - LOCALLY ASSIGNED DEWEY CALL NUMBER (OCLC)
Edition number 21
099 ## - LOCAL FREE-TEXT CALL NUMBER (OCLC)
Classification number Law 11 2004
245 00 - TITLE STATEMENT
Title International law in contemporary perspective /
Statement of responsibility, etc. W. Michael Reisman ... [et al.].
264 ## - PRODUCTION, PUBLICATION, DISTRIBUTION, MANUFACTURE, AND COPYRIGHT NOTICE
Place of production, publication, distribution, manufacture New York, N.Y. :
Name of producer, publisher, distributor, manufacturer Foundation Press ;
Place of production, publication, distribution, manufacture [St. Paul, Minn.] :
Name of producer, publisher, distributor, manufacturer Thomson/West,
Date of production, publication, distribution, manufacture, or copyright notice 2004.
300 ## - PHYSICAL DESCRIPTION
Extent lvii, 1585 pages :
Other physical details maps ;
Dimensions 27 cm.
336 ## - CONTENT TYPE
Content type term text
Source rdacontent
337 ## - MEDIA TYPE
Media type term Computer
Source rdamedia
338 ## - CARRIER TYPE
Carrier type term Online Resource
Source rdacarrier
440 #0 - SERIES STATEMENT/ADDED ENTRY--TITLE
Title University casebook series
504 ## - BIBLIOGRAPHY, ETC. NOTE
Bibliography, etc. note Includes bibliographical references (p. [ix]-xiii) and index.
650 #0 - SUBJECT ADDED ENTRY--TOPICAL TERM
Topical term or geographic name entry element International law
Form subdivision Cases.
700 1# - ADDED ENTRY--PERSONAL NAME
Personal name Reisman, W. Michael
Fuller form of name (William Michael),
Dates associated with a name 1939-
856 40 - ELECTRONIC LOCATION AND ACCESS
Uniform Resource Identifier <a href="https://fll.law.cu.edu.eg/fulltext/bks/ENGB11-00119.pdf">https://fll.law.cu.edu.eg/fulltext/bks/ENGB11-00119.pdf</a>
905 ## - Cataloger and Reviser Names
Cataloger Name: Hend El khosy
942 ## - ADDED ENTRY ELEMENTS (KOHA)
Source of classification or shelving scheme Dewey Decimal Classification
Koha item type Books
Edition 21
Suppress in OPAC No
Holdings
Withdrawn status Lost status Source of classification or shelving scheme Damaged status Not for loan Collection Home library Current library Date acquired Total checkouts Full call number Barcode Date last seen Copy number Price effective from Koha item type Public note
    Dewey Decimal Classification     القانون الدولي العام جــــامعة القــاهرة مكتبة كلية الحقوق - فـرع الشيخ زايد 03.02.2026   Law2 11 314 IN 2004 1100119 C1 ENGB11-00119 03.02.2026 1 03.02.2026 Books 2012

© All rights reserved — Faculty of Law, Cairo University